Využitie controllingu v podnikovej diagnostike dizertačná práca

Salvato in:
Dettagli Bibliografici
Autore principale: Foltínová, Ľubica, 1975-
Ente Autore: Fakulta podnikového manažmentu EU. Katedra podnikovohospodárska
Altri autori: Neumannová, Anna
Natura: Libro
Lingua:slovacco
Pubblicazione: Bratislava 2011
Soggetti:
Tags: Aggiungi Tag
Nessun Tag, puoi essere il primo ad aggiungerne!!

MARC

LEADER 00000nam a2200000 4500
001 0142302
005 20240502072541.4
041 0 |a slo 
044 |a SK 
245 1 0 |a Využitie controllingu v podnikovej diagnostike  |b dizertačná práca  |c Ľubica Foltínová ; školiteľ: Anna Neumannová 
264 1 |a Bratislava  |c 2011 
300 |a 179 s. 
610 2 0 |a diagnostika podniková 
610 2 0 |a kontroling 
610 2 0 |a zdroje ľudské 
100 1 |a Foltínová, Ľubica, 1975- 
700 1 |a Neumannová, Anna 
710 2 |a Fakulta podnikového manažmentu EU. Katedra podnikovohospodárska